000 01079nam a2200241Ia 4500
003 Ost
005 20260507075648.0
008 260507s9999||||xx |||||||||||||| ||und||
020 _a7472119957
040 _cfsecg
041 _aara
082 _a658
100 _aجودة، محفوظ
_eمؤلف
245 0 _aمنظمات الأعمال :
_bالمفاهيم والوظائف /
_c محفوظ جودة
260 _aعمان:
_bدار وائل للنشر والتوزيع,
_c2004
300 _a286 صفحة؛
_bإيضاحات ؛
_c24 سم
520 _aمنظمات الأعمال- نظريات وأساليب إدارية حديثة- وظيفة الانتاج- وظيفة التسويق- الوظيفة المالية- وظيفة الموارد البشرية- إدارة الموارد- العلاقات العامة- نظم المعلومات الإدارية.
653 _aإدارة الأعمال
653 _aالإدارة المالية
653 _aمنظمات الأعمال
700 _aالزعبي، حسن
_eمؤلف ثانوي
942 _cكتاب
999 _c45537
_d45537